000 01439nam a22002057a 4500
005 20220427121527.0
008 211115b ||||| |||| 00| 0 eng d
020 _a9788195131792
040 _cAL
041 _aeng
082 _223
_a820.33
_bMISK
100 _aKevin Missal
_910391
245 _aKarna
_bThe king of anga
260 _aLondon
_bSimon & Schuster
_c2021
300 _a523p.
_bPB
_c19.5x13cm.
365 _2General
_a2795
_b₹280.00
_c
_d₹350.00
_e20%
_f18-10-2021
520 _aBorn in the arms of the Ganga, Vasu grew up in the raging province of Anga. His life shaped by a fate that failed to be just—neglected by his own, stripped of his birthright—he was raised to be lost in an abyss of desires and disappointment. Cursed by his guru, hurt by the only woman he loved, ostracised from society for being the son of a suta. With his only armour—hope—he ventured on an unforgettable journey. Alone. This is Vasu’s tale of survival, of endurance, of abiding courage in the face of all adversities. And eventually, of blossoming into the greatest warrior of all time… KARNA. In an ultimate battle against his archenemy—the insidious, dishonourable and all-powerful, Jarasandha, for a title he knew he deserved. From a sutaputr to a leader of the people, this is a saga of betrayal, lost love, and glory. This is the story of the King of Anga.
650 _2Fiction
_aFiction
_910392
942 _2ddc
_cBK
999 _c220586
_d220586